000 00602nam a2200229Ia 4500
003 OSt
005 20220928143421.0
006 a|||||r|||| 00| 0
007 ta
008 220927b |||||||| |||| 00| 0 eng d
024 _a22103
037 _cTextual
040 _aSDCL
_cSDCL
_beng
041 _2eng
_aeng
082 _aX:8C, L5
100 _aGraham Benjamin
_9443277
245 0 _aInterpretation of financial statements
260 _c1975
700 _a Mcgolrick Charles
_9505418
942 _hX:8C, L5
_cTEXL
_2CC
999 _c824114
_d824114